| 000 | 00000nam 2200000zi 4500 |
| 001 | 9.939803 |
| 003 | CaOODSP |
| 005 | 20250708143341 |
| 006 | m o d f |
| 007 | cr cn||||||||| |
| 008 | 240625t20242024mbcabdo ob f000 0 eng d |
| 020 | |a9780660725178 |
| 040 | |aCaOODSP|beng|erda|cCaOODSP |
| 041 | |aeng|beng|bfre |
| 043 | |an-cn-nu |
| 086 | 1 |aFs97-6/3623E-PDF |
| 100 | 1 |aKozakewich, William M., |eauthor. |
| 245 | 13|aAn assessment of benthic species richness and macroalgal habitat near Igluligaarjuk (Chesterfield Inlet), Nunavut, using ROV exploration / |cWilliam M. Kozakewich, Darcy G. McNicholl, Kevin R. Gully, John M. O'Brien, and Karen M. Dunmall. |
| 264 | 1|aWinnipeg, MB : |bFisheries and Oceans Canada, Freshwater Institute, Arctic Region, |c2024. |
| 264 | 4|c©2024 |
| 300 | |a1 online resource (viii, 43 pages) : |billustrations, maps, graphs, photographs. |
| 336 | |atext|btxt|2rdacontent |
| 337 | |acomputer|bc|2rdamedia |
| 338 | |aonline resource|bcr|2rdacarrier |
| 490 | 1 |aCanadian technical report of fisheries and aquatic sciences, |x1488-5379 ; |v3623 |
| 500 | |aThe publication file in PDF format was replaced on 20 June 2025 with a revised version at the request of the Department of Fisheries and Oceans. |
| 500 | |aRevised version published June 7, 2025. |
| 504 | |aIncludes bibliographical references (pages 21-27). |
| 520 | 3 |a"There is limited information on the diversity and distribution of nearshore (depths < 20 m) benthic fishes, invertebrates, and their associated habitats near Chesterfield Inlet, which resides in the Southampton Island Area of Interest (SI AOI). Coastal community-led fieldwork was completed between July 25th and 26th, 2023 near the hamlet of Chesterfield Inlet, to address these knowledge gaps and categorize the nearshore benthic ecosystem"--Abstract, page vii. |
| 546 | |aIncludes abstracts in English and French. |
| 650 | 0|aMarine benthic ecology|zNunavut|zSouthampton Island. |
| 650 | 0|aRemote submersibles|zNunavut|zSouthampton Island. |
| 650 | 6|aÉcologie marine benthique|zNunavut|zSouthampton, Île. |
| 650 | 6|aRobots sous-marins|zNunavut|zSouthampton, Île. |
| 710 | 2 |aFreshwater Institute (Canada), |eissuing body. |
| 830 | #0|aCanadian technical report of fisheries and aquatic sciences,|x1488-5379 ; |v3623.|w(CaOODSP)9.504449 |
| 856 | 40|qPDF|s1.94 MB|uhttps://publications.gc.ca/collections/collection_2024/mpo-dfo/Fs97-6-3623-eng.pdf |